¿Cómo podría haber sido decidido el caso "Peralta"? : repensando la jurisprudencia constitucional de la Corte Suprema /

Guardado en:
Autor Principal: Rivera, Julio C.
Otros Autores: Elias, José Sebastián, (coord.), Azrak, Damián, (coord.)
Formato: Libro
Idioma:Spanish
Publicado: Ciudad Autónoma de Buenos Aires : Del Puerto, 2013.
Edición:1a. ed.
Materias:
Etiquetas: Agregar Etiqueta
Sin Etiquetas, Sea el primero en etiquetar este registro!
LEADER 00790nam a22002055a 4500
001 DER.der013931
008 190903s2013####ag############000#0#spa#d
005 20251229183436.0
245 1 0 |a ¿Cómo podría haber sido decidido el caso "Peralta"? :  |b repensando la jurisprudencia constitucional de la Corte Suprema /  |c coordinado por José Sebastián Elías, Julio C. Rivera y Damián Azrak. 
250 |a 1a. ed. 
260 |a Ciudad Autónoma de Buenos Aires :  |b Del Puerto,  |c 2013. 
300 |a 186 p. 
020 |a 9789871397945 
100 1 |a Rivera, Julio C. 
700 1 |a Elias, José Sebastián,  |e coord. 
700 1 |a Azrak, Damián,  |e coord. 
653 |a DERECHO CONSTITUCIONAL 
650 7 |a fallos de la Corte Suprema 
650 7 |a jurisprudencia 
859 |a DERECHO  |b BIB. DERECHO  |h 342.02  |i RIV  |p 009089